• 首页
  • 本馆介绍
  • 公告通知
  • 最新文献
  • 馆藏检索
  • 电子资源
  • 读者导购
  • 参考咨询
  • 我的图书馆
  • 登录
  • 详细信息显示
  • 放入我的书架
  • 预约/预借图书
  • 作者相关作品
  • 分类相关作品
  • 丛书相关作品
  • 出版社相关作品

书目信息

  • 表格格式
  • 工作单格式
  • 卡片格式
题名:
五卅运动
    
 
作者: 傅道慧 著
分册:  
出版信息: 上海   复旦大学出版社  1985
页数: 297页
开本: 19cm
丛书名: 复旦小丛书
单 册:
中图分类: K262.22
科图分类:
主题词: 五卅运动(1925)
电子资源:
ISBN:
000 00680nam2 2200265 45
001 0185008847
005 20040518171943.7
010    @dCNY1.18
091    @a11253.010
100    @a19901005d1985 em y0chiy0121 ea
101 0  @achi
102    @aCN@b310000
105    @af z 000yy
106    @ar
200 10 @a五卅运动@Awu sa yun dong@f傅道慧著
210    @a上海@c复旦大学出版社@d1985
215    @a297页@c照片@d19cm
225 2  @a复旦小丛书
410  0 @120010@a复旦小丛书
606    @a五卅运动(1925)
690    @aK262.22@v3
701  0 @a傅道慧@Afu dao hui@4著
801  0 @aCN@b深圳图书馆@c20040518
801  2 @aCN@bNLC@c20040518
905    @f4@b135198-201@dK262.22@e16
    
    五卅运动/傅道慧著.-上海:复旦大学出版社,1985
    297页:照片;19cm.-(复旦小丛书)
    
    
    ISBN :CNY1.18
    
●
相关链接 在E读中查询图书 在五车中查询图书 在当当中查询图书 在豆瓣中查询图书


正题名:五卅运动     索取号:K262.22/16         预约/预借

序号 登录号 条形码 馆藏地/架位号 状态 备注
1 0135198   000356251   第二借阅区/ [索取号:K262.22/16] 在馆    
2 0135199   000356260   第二借阅区/ [索取号:K262.22/16] 在馆    
3 0135200   000356313   第二借阅区/ [索取号:K262.22/16] 在馆    
4 0135201   000356279   第二借阅区/ [索取号:K262.22/16] 在馆    
5 0135202   000356322   第二样本阅览室/ [索取号:K262.22/16] 在馆    
唐山师范学院图书馆 欢迎您!
大连网信软件有限公司© 版权所有